Estatísticas para Times jogando o Brasileirão 2022

Clique aqui para jogar o quiz

Estatísticas Gerais

  • Esse quiz foi jogado 69 vezes
  • A pontuação média é 17 de 20

Estatísticas das Respostas

Resposta% Correto
Flamengo
98%
Palmeiras
96%
Botafogo
93%
Corinthians
93%
Fluminense
93%
Santos
93%
Atlético Mineiro
91%
Internacional
89%
São Paulo
89%
Goiás
86%
América
84%
Coritiba
82%
Fortaleza
82%
Cuiabá
81%
Athletico Paranaense
79%
Atlético Goianiense
77%
Bragantino
77%
Ceará
77%
Juventude
74%
Avaí
72%

Distribuição das Pontuações

Percentil de Números Respondidos

Porcentagem de Pessoas com Cada Pontuação

Sua Pontuação Histórica

Você não jogou esse quiz